| 000 | 00625cam a2200181 a 4500 | ||
|---|---|---|---|
| 001 | 000001526 | ||
| 005 | 20250730105807.0 | ||
| 008 | 770325s1921 fr ab 001 0 fre | ||
| 010 | _a22009894 | ||
| 040 |
_aDO-SdBNP _bspa _cBNPHU |
||
| 082 |
_auu. _bM847h |
||
| 100 | 1 |
_aMorgan, Jacques Jean Marie de, _d1857-1924 _95018 |
|
| 245 | 1 | 2 |
_aL'humanite prehistorique : _besquisse de prehistoire generale / _cJacques de Morgan. |
| 260 |
_aParis : _bRenaissance du livre, _c1921. |
||
| 300 |
_axix, 328 p. : ; _c21 cm. |
||
| 440 | 0 |
_aL'evolution de l'humanite, systhese collective. [1. section. II] _95019 |
|
| 650 | 0 |
_aArqueologÃa _93985 |
|
| 999 |
_c1429 _d1429 |
||